000 01077nam a2200253 a 4500
001 BRCA_5172
005 20190320204954.0
008 241110s1789----sp-######v---#000-0#spa-#
041 _aspa
044 _amx
084 _aDOC119B
_b.D63
_c1789
245 1 0 _aDocumento dirigido al Obispo de Puebla de los Ángeles.
260 _aMadrid
_c1789
300 _a[1] foja
_c29 x 21 cm.
500 _aDocumento firmado el 25 de febrero de 1789.
500 _aComunicación dirigida al Obispo de Puebla de los Ángeles, dando cuenta de la concesión hecha por el Comisario General de la Orden de San Francisco como visitador y reformador apostólico de todas las Provincias y Colegios de su jurisdicción.
500 _aEl documento contiene la leyenda DOC. #285.
506 0 _aFondo Reservado. Para su consulta es necesario credencial de usuario y carta de motivos.
546 _aTexto en: Español de finales del siglo XVIII.
650 1 4 _aDocumentos legales
_xHistoria
_913232
651 4 _aMéxico
_xHistoria
_yColonia, 1521-1821
_912461
902 _aFDH
942 _2lcc
_cD
999 _c4866
_d4866